000 00803nam a2200265Ia 4500
005 20220316235757.0
008 121119s2002 ck gr 000 j spa
020 _a9588089506
041 0 _aspa
100 1 _aCortazar, Julio
_d1914-1984
245 1 4 _aLas armas secretas y otros relatos
_cJulio Cortazar
250 _aPrimera edición
300 _a191 páginas
_c21 cm
490 0 _aBiblioteca El Tiempo
_v9
650 1 4 _aCuentos argentinos
_2LEMB
650 1 4 _aLiteratura argentina
_2LEMB
650 1 4 _aDiablo
_vCuentos
_2LEMB
942 _2loc
_cBKLIT
264 _aBogotá
_bCasa Editorial El Tiempo
_c2002
336 _atexto
_btxt
_2rdacontent
337 _asin mediación
_bn
_2rdamedia
338 _avolumen
_bnc
_2rdacarrier
040 _aCO-BoRNBP
_bspa
_erda
_cCO-BoRNBP
084 _aC COR2
999 _c2124
_d2124